000
00215 a2200097 4500
001
28413
100
_a
Chen, Y
245
_a
Vibrations, theoretical methods
260
_a
_b
Addison Wesley
_c
090
_c
19019
_d
19019
942
_a
NUST-CAE
_c
M
_c
10024
999
_c
263486
_d
263486